| 000 | 00750nam a2200205 a 4500 | ||
|---|---|---|---|
| 001 | BRCA_139 | ||
| 005 | 20190320202909.0 | ||
| 008 | 940811s1994 nyua---##b---#000-0#eng-d | ||
| 020 | _a0876636172 | ||
| 040 |
_aDLC _cDLC _dDLC |
||
| 041 | _aengspa | ||
| 050 | 4 |
_aND1352.M4 _b.M49 1994 |
|
| 245 | 1 | 0 |
_aMéxico _ba landscape revisited = una visión de su paisaje _cEditores Smithsonian Institution Traveling Exhibition Service, Washington, D.C. and the Mexican Cultural Institute, Washington, D.C. |
| 260 |
_aNueva York _bUniverse Pub. _c1994 |
||
| 300 |
_a128 p. _bil. a color _c25 cm. |
||
| 504 | _aBibliografía: p. 128 | ||
| 546 | _aTexto en inglés y español | ||
| 650 | 1 | 4 |
_aPintura paisajista mexicana _vExposiciones _ySiglo XX _9243 |
| 942 |
_2lcc _cB |
||
| 999 |
_c120 _d120 |
||